000 00560nam a2200169Ia 4500
008 140609s9999 xx 000 0 und d
020 _a9789719367703
050 _aQE 523.P56
_b.So714 2006
100 _aSoriquez, Tessa A.
245 _aMount Pinatubo and the saga of the megadike /
_cTessa A Soriquez, Ruben Maria L V Soriquez
260 _aQuezon City, Philippines :
_bJade Asia group Pub.,
_cc2006.
300 _a142 p. :
_bcol. ill. ;
_c22 cm.
500 _aIncludes biblographical references.
521 _aGE
942 _kLOC
_cBK
999 _c117894
_d117894